Zbierka úloh z matematiky

Gespeichert in:
Bibliographische Detailangaben
Körperschaft: Ekonomická univerzita v Bratislave. Fakulta hospodárskej informatiky
Format: Buch
Sprache:Slowakisch
Veröffentlicht: Bratislava Ekonóm 1997
Ausgabe:2. vyd.
Schlagworte:
Tags: Tag hinzufügen
Keine Tags, Fügen Sie das erste Tag hinzu!

MARC

LEADER 00000nam a2200000 4500
001 0074375
005 20181130102125.5
020 |a 80-225-0896-9 
041 0 |a slo 
044 |a SK 
245 1 0 |a Zbierka úloh z matematiky  |c kolektív 
250 |a 2. vyd. 
264 1 |a Bratislava  |b Ekonóm  |c 1997 
300 |a 304 s. 
610 2 0 |a matematika 
710 2 |a Ekonomická univerzita v Bratislave. Fakulta hospodárskej informatiky